Habitar las incomodidades en investigaciones feministas y activistas desde una práctica reflexiva (Record no. 177896)
[ view plain ]
| 000 -CABECERA | |
|---|---|
| campo de control de longitud fija | 01801nab a2200301 a 4500 |
| 005 - FECHA Y HORA DE LA ÚLTIMA TRANSACCIÓN | |
| campo de control | 20210219162522.0 |
| 008 - ELEMENTOS DE LONGITUD FIJA--INFORMACIÓN GENERAL | |
| campo de control de longitud fija | 991125s1985 mx 000 0 spa u |
| 035 ## - NÚMERO DE CONTROL DEL SISTEMA | |
| Número de control de sistema | UPN01000205795 |
| 049 ## - COLECCIÓN | |
| Colección | ART-E |
| 100 1# - ASIENTO PRINCIPAL--NOMBRE PERSONAL | |
| Nombre de persona | Gandarias Goikoetxea, Itziar |
| 100 1# - ASIENTO PRINCIPAL--NOMBRE PERSONAL | |
| Filiación | itzi.gandarias@gmail.com |
| 222 #0 - TÍTULO CLAVE | |
| Título clave | ATHENEA DIGITAL : |
| Información calificativa | REVISTA DE PENSAMIENTO E INVESTIGACION SOCIAL |
| 245 00 - MENCIÓN DE TÍTULO | |
| Título | Habitar las incomodidades en investigaciones feministas y activistas desde una práctica reflexiva |
| 260 ## - PUBLICACIÓN, DISTRIBUCIÓN, ETC. | |
| Lugar de publicación, distribución, etc. | España |
| 300 ## - DESCRIPCIÓN FÍSICA | |
| Extensión | 289-304 |
| 362 0# - FECHAS DE PUBLICACIÓN Y/O DESIGNACIÓN SECUENCIAL | |
| Fecha de publicación y/o designación secuencial | 2014 Vol. 14, no. 4, dic. |
| 336 ## - TIPO DE CONTENIDO | |
| Término de tipo de contenido | texto$2rdacontent |
| 337 ## - TIPO DE MEDIO | |
| Nombre/término del tipo de medio | computadora$2rdamedia |
| 338 ## - TIPO DE SOPORTE | |
| Nombre/término del tipo de soporte | recurso en linea$2rdacarrier |
| 520 3# - NOTA DE RESUMEN, ETC. | |
| Sumario, etc. | A partir de una investigación en curso cuyo objetivo es estudiar las dificultades y posibilidades para la articulación de alianzas políticas entre organizaciones de mujeres migradas y feministas autóctonas en el País Vasco, presento mediante una práctica reflexiva algunas de las incomodidades más relevantes surgidas durante este proceso relacionadas con: (i) moverse en la incertidumbre, (ii) asumir las diferencias, (iii) hablar sobre las participantes de la investigación y en último lugar, (iv) habitar mi doble rol como investigadora y activista. Más que resolverlas, esta práctica de reflexividad es una apuesta por politizar las metodologías feministas y reivindicar la ética de la incomodidad como una herramienta indispensable para habitar los espacios fronterizos entre investigación y activismo. |
| 653 0# - TERMINO DE INDIZACION - NO CONTROLADO | |
| Término no controlado | ACTIVISMO |
| 653 0# - TERMINO DE INDIZACION - NO CONTROLADO | |
| Término no controlado | INVESTIGACION FEMINISTA |
| 653 0# - TERMINO DE INDIZACION - NO CONTROLADO | |
| Término no controlado | ALIANZA POLITICA |
| 653 0# - TERMINO DE INDIZACION - NO CONTROLADO | |
| Término no controlado | ORGANIZACIONES DE MUJERES |
| 856 4# - LOCALIZACIÓN Y ACCESO ELECTRÓNICOS | |
| Identificador Uniforme del Recurso | <a href="http://atheneadigital.net/article/view/v14-n4-gandarias/1489-pdf-es">http://atheneadigital.net/article/view/v14-n4-gandarias/1489-pdf-es</a> |
| 905 ## - TIPO DE MATERIAL | |
| Tipo de material | Articulo |
No items available.
